Größte Portugiesisch sprechende Städte - Statistiken

Allgemein
  • Dieses Quiz wurde 63 mal gespielt
  • Das Durchschnittsergebnis liegt bei 8 aus 15
Antwortstatistiken
EW Stadt % Korrekt
2,500.000 Lissabon
98%
13,600.000 Rio de Janeiro
93%
3,850.000 Brasília
91%
22,600.000 Sao Paulo
84%
5,300.000 Belo Horizonte
61%
2,275.000 Manaus
53%
3,950.000 Porto Alegre
49%
9,650.000 Luanda
46%
4,100.000 Recife
37%
3,825.000 Fortaleza
35%
3,400.000 Salvador
33%
2,575.000 Maputo
30%
3,375.000 Curitiba
28%
3,250.000 Campinas
9%
2,525.000 Goiânia
9%
Keine übereinstimmenden Quizze gefunden
Verteilung der Resultate
Anzahl Personen mit jedem Resultat
Perzentil nach korrekt beantworteten Fragen
Ihre Resultats-Entwicklung
Sie haben dieses Quiz noch nicht gespielt